[Event "2015 Server Team Ch - Div 1, S51999"]
[Site "CCLA"]
[Date "2015.10.30"]
[Round "?"]
[White "Gleyzer, Leonid"]
[Black "Waller, Anthony"]
[Result "1/2-1/2"]
[WhiteElo "2322"]
[BlackElo "2238"]
[Board "1"]
[WhiteTeam "Paul Morphy's Hair"]
[BlackTeam "SchemingMind B"]

1. d4 Nf6 2. c4 e6 3. g3 d5 4. Nf3 dxc4 5. Bg2 a6 6. O-O Nc6 7. e3 Bd7 8. 
Qe2 b5 9. b3 cxb3 10. axb3 Bd6 11. Bb2 O-O 12. Rc1 Nd5 13. Nc3 Ncb4 14. 
Ne4 a5 15. Nc5 Bc6 16. e4 Nb6 17. d5 exd5 18. Nd4 Bd7 19. Nxd7 Nxd7 20. 
exd5 Nc5 21. Rd1 Qd7 22. Nxb5 Nxb3 23. Nxd6 cxd6 24. Bxg7 Rfe8 25. Qf3 
Kxg7 26. Qc3+ Re5 27. Qxb3 Qf5 28. Qb2 Kg8 29. Rf1 h5 30. Qd2 Qd3 31. Qf4 
Kg7 32. Rfd1 Qb5 33. Qc1 Qb6 34. Qc4 Rb8 35. h4 Rb7 36. Rac1 Rbe7 37. Bf3 
Re8 38. Kg2 Qd8 39. Qb5 Rf5 40. Rc4 Rfe5 41. Qa4 R8e7 42. Qa1 f6 43. Qc1 
Qd7 44. Rdd4 Re1 45. Qc3 R1e5 46. g4 hxg4 47. Rxg4+ Kh7 48. Rg3 Rg7 49. 
Rxg7+ Qxg7+ 50. Rg4 Qf8 51. Qc7+ Kh8 52. Qxa5 Nd3 53. Qd2 Ne1+ 54. Kg3 
Nxf3 55. Kxf3 Rh5 56. Qd3 Qf7 57. Kg3 Re5 58. Qd2 Rh5 59. Qe3 Kh7 60. Kh3 
Re5 61. Qd3+ Kh6 62. Qd2+ Kh5 63. Qd1 Kh6 64. Qc1+ Kh7 65. Qc2+ Kh6 66. 
Qc8 Re8 67. Qf5 Re5 68. Qf3 Kh7 69. Kg3 Kh6 70. Qf4+ Kh7 71. Rg5 Re7 72. 
Qf5+ Kh6 73. Rg4 Re5 74. Qc8 Re8 75. Qc1+ Kh7 76. Qc6 Re5 77. Qc8 Rxd5 78.
 Qc4 Kh6 79. Kg2 Qe6 80. Rg3 Re5 81. Qc7 Qe7 82. Qb8 Qe8 83. Qxd6 Qf7 84. 
Kh2 Rh5 85. Qd2+ Kh7 86. Qd3+ Kh6 87. Qd4 Kh7 88. Rf3 Qg7 89. Kh3 Re5 90. 
Qd3+ Qg6 91. Qd7+ Kh6 92. Qd8 Re8 93. Qd5 Rg8 94. Rg3 Qb1 95. Qd2+ Kh7 96.
 Rxg8 Kxg8 97. Qf4 Kf7 98. Kh2 Qc2 99. Qd4 Qf5 100. Kg2 1/2-1/2

[Event "2015 Server Team Ch - Div 1, S51999"]
[Site "CCLA"]
[Date "2015.10.30"]
[Round "?"]
[White "Hollands, George"]
[Black "Beckett, Phillip J."]
[Result "1-0"]
[WhiteElo "2178"]
[BlackElo "1960"]
[Board "6"]
[WhiteTeam "SchemingMind A"]
[BlackTeam "SchemingMind B"]

1. d4 d5 2. c4 e6 3. Nf3 Nf6 4. g3 dxc4 5. Bg2 a6 6. O-O Nc6 7. e3 Bd7 8. 
Qe2 b5 9. b3 cxb3 10. axb3 Be7 11. Bd2 O-O 12. Rc1 Nd5 13. Nc3 Nxc3 14. 
Bxc3 Ra7 15. d5 exd5 16. Qd1 b4 17. Bb2 Rb7 18. Qxd5 Rb6 19. Nd2 Be6 20. 
Qxd8 Rxd8 21. Nc4 Bxc4 22. Rxc4 Rd6 23. Rac1 Na5 24. Rxc7 Bf8 25. Ra7 Rd8 
26. Bd4 Re6 27. Rb1 Nc6 28. Bxc6 Rxc6 29. Ra1 f6 30. R7xa6 Rxa6 31. Rxa6 
Rc8 32. Ra1 Kf7 33. Kf1 Be7 34. Ke1 f5 35. Kd2 Rc6 36. Ra8 h6 37. h4 g6 
38. Ra5 h5 39. Kd3 Rc1 40. Ra1 Rc7 41. e4 fxe4+ 42. Kxe4 Rc6 43. Ra5 Ke6 
44. Re5+ Kf7 45. Rb5 Rc8 46. Kd5 Rc1 47. Be3 Rc3 48. Rb7 Kf8 49. Bd4 Rd3 
50. Rd7 Kf7 51. Ke5 Rd2 52. Rc7 Kf8 53. Kd5 Bf6 54. Rc4 Bxd4 55. Rxd4 Rxf2
56. Rf4+ Rxf4 57. gxf4 Ke7 58. Ke5 1-0

[Event "2015 Server Team Ch - Div 1, S51999"]
[Site "CCLA"]
[Date "2015.10.30"]
[Round "?"]
[White "Hollands, George"]
[Black "Blake, Michael J."]
[Result "1/2-1/2"]
[WhiteElo "2178"]
[BlackElo "2190"]
[Board "6"]
[WhiteTeam "SchemingMind A"]
[BlackTeam "Gustafson Winners"]

1. d4 Nf6 2. c4 e6 3. g3 d5 4. Nf3 dxc4 5. Bg2 a6 6. O-O Nc6 7. e3 Bd7 8. 
Qe2 b5 9. b3 cxb3 10. axb3 Be7 11. Bd2 O-O 12. Rc1 Ra7 13. Nc3 Be8 14. h4 
Qb8 15. e4 b4 16. Nd1 a5 17. Bf4 Bd7 18. Nb2 Rd8 19. Qd3 a4 20. Nxa4 Na5 
21. Nb2 Bb5 22. Qc2 Nc6 23. Rxa7 Qxa7 24. Bf1 Bxf1 25. Kxf1 Nxd4 26. Qxc7 
Qa6+ 27. Kg2 Kf8 28. Nxd4 Rxd4 29. Be3 Rd7 30. Qc8+ Qxc8 31. Rxc8+ Rd8 32.
 Rc4 Ke8 33. Kf3 Nd7 34. Nd3 Nb6 35. Rd4 Rb8 36. Ke2 f6 37. f4 1/2-1/2

[Event "2015 Server Team Ch - Div 1, S51999"]
[Site "CCLA"]
[Date "2015.10.30"]
[Round "?"]
[White "Thompson, Brian"]
[Black "Beckett, Phillip J."]
[Result "0-1"]
[WhiteElo "2343"]
[BlackElo "1960"]
[Board "6"]
[WhiteTeam "BCCA Kings"]
[BlackTeam "SchemingMind B"]

1. Nf3 Nf6 2. c4 e6 3. g3 d5 4. d4 dxc4 5. Bg2 a6 6. O-O Nc6 7. e3 Bd7 8. 
Qe2 b5 9. b3 cxb3 10. axb3 Be7 11. Bd2 Bd6 12. Rc1 O-O 13. Nc3 Qe7 14. Ne1
Ra7 15. Nd3 Rb8 16. Na2 Nd5 17. Nc5 Be8 18. Bxd5 exd5 19. Qf3 b4 20. Qxd5 
a5 21. Na4 Nd8 22. Rab1 Ne6 23. e4 Rd8 24. Qc4 c5 25. dxc5 Bxg3 26. Be3 
Bf4 27. Re1 Qg5+ 28. Kh1 Qh5 0-1

[Event "Premier Quad, S50269"]
[Site "CCLA"]
[Date "2015.06.15"]
[Round "?"]
[White "Disque, Philip"]
[Black "Strelecky, Rich"]
[Result "1/2-1/2"]
[WhiteElo "1603"]
[BlackElo "1667"]

1. Nf3 Nf6 2. c4 e6 3. g3 d5 4. d4 dxc4 5. Bg2 c5 6. O-O Nc6 7. Ne5 Bd7 8.
 Na3 cxd4 9. Naxc4 Bc5 10. a3 O-O 11. b4 Bb6 12. Bb2 Nxe5 13. Nxe5 Rb8 14.
 Bxd4 Ba4 15. Qxa4 Qxd4 16. Nf3 Qe4 17. Qb5 Rfd8 18. Ng5 Qg6 19. Rad1 Nd5 
20. Ne4 a6 21. Qa4 Rbc8 22. Rd3 Rc4 23. Nd6 Nc3 24. Qb3 Nxe2+ 25. Kh1 Rd4 
26. Rxd4 Nxd4 27. Qa4 Qc2 28. Qxc2 Nxc2 29. Nxb7 Rd2 30. Nc5 Nxa3 31. Kg1 
a5 32. Ne4 Rc2 33. bxa5 Bxa5 34. Ra1 Bb4 35. Bf1 g6 36. Bd3 Rb2 37. Rc1 
Rb3 38. Rd1 Be7 39. h4 Kg7 40. Bf1 Rb7 41. Rc1 f5 42. Ng5 Bxg5 43. hxg5 e5
44. Ba6 Rb1 45. Rxb1 Nxb1 46. Bd3 Nd2 47. Kg2 h6 48. gxh6+ Kxh6 49. f4 e4 
50. Be2 Nf3 1/2-1/2

[Event "2015 Server Team Ch - Div 1, S51999"]
[Site "CCLA"]
[Date "2015.10.30"]
[Round "?"]
[White "Merrell, William S."]
[Black "Weiss, Lester P."]
[Result "1/2-1/2"]
[WhiteElo "2258"]
[BlackElo "2123"]
[Board "5"]
[WhiteTeam "Paul Morphy's Hair"]
[BlackTeam "Pennsylvania Keystones"]

1. d4 Nf6 2. c4 e6 3. g3 d5 4. Nf3 Be7 5. Bg2 O-O 6. O-O dxc4 7. Qc2 a6 8.
 a4 Bd7 9. Qxc4 Bc6 10. Bf4 Bd6 11. Bg5 Nbd7 12. Nc3 h6 13. Bxf6 Nxf6 14. 
a5 Qe7 15. Nd2 Bxg2 16. Kxg2 c5 17. dxc5 Bxc5 18. Nce4 Nxe4 19. Nxe4 Rac8 
20. Qb3 Rc6 21. Rfc1 Rfc8 22. Rc3 Ba7 23. Rd1 Rxc3 24. bxc3 Rc6 25. Rd3 
Qc7 26. e3 b5 27. Qd1 Qe5 28. Rd8+ Kh7 29. Qf3 Rc7 30. Rd6 Bc5 31. Rxa6 
Be7 32. Rb6 f5 33. Nd2 Qxc3 34. Qf4 Ra7 35. Nf3 Qb3 36. Qe5 Bf6 37. Qxb5 
Qxb5 38. Rxb5 Bd8 39. Nd4 Rxa5 40. Rb8 Bf6 41. Nxe6 Ra6 42. Nc7 Rc6 43. 
Nd5 Rd6 44. Nxf6+ Rxf6 45. h4 Kg6 46. Rb7 h5 47. Kf3 Ra6 48. Rd7 Ra2 49. 
Re7 Kf6 50. Rb7 Rc2 51. Rb1 Rc4 52. Re1 Ra4 53. e4 Ke5 54. exf5+ Kxf5 55. 
Re3 g6 56. Rd3 1/2-1/2

[Event "Premier Quad, S50119"]
[Site "CCLA"]
[Date "2015.03.23"]
[Round "?"]
[White "Shannon, Paul D."]
[Black "Laven, George"]
[Result "1-0"]
[WhiteElo "1815"]
[BlackElo "1772"]

1. d4 Nf6 2. c4 e6 3. g3 d5 4. Bg2 Be7 5. Nf3 O-O 6. O-O dxc4 7. Qc2 a6 8.
 a4 Bd7 9. Qxc4 Bc6 10. Bg5 Nbd7 11. Nc3 h6 12. Bf4 Nb6 13. Qd3 Bd6 14. 
Bxd6 cxd6 15. e4 Rc8 16. Rfe1 d5 17. Ne5 dxe4 18. Nxe4 Nxe4 19. Nxc6 Rxc6 
20. Bxe4 Nd5 21. Qf3 Rd6 22. Red1 Qb6 23. b3 Rfd8 24. Rac1 Ne7 25. Bxb7 
Nf5 26. Be4 Nxd4 27. Qe3 e5 28. Bb1 Kf8 29. Kg2 Qb7+ 30. Be4 Qxb3 31. Qxb3
Nxb3 32. Rxd6 Rxd6 33. Rc7 Nd4 34. Bb7 1-0

[Event "2015  Server Team - Div 3, S53999"]
[Site "CCLA"]
[Date "2015.10.30"]
[Round "?"]
[White "Ellis, James R."]
[Black "Tymms, J. D. M."]
[Result "1/2-1/2"]
[WhiteElo "2112"]
[BlackElo "1807"]
[Board "2"]
[WhiteTeam "Canadian Snowbirds"]
[BlackTeam "BCCA Bishops"]

1. d4 Nf6 2. c4 e6 3. g3 d5 4. Nf3 Be7 5. Bg2 O-O 6. O-O dxc4 7. Qc2 a6 8.
 a4 Bd7 9. Qxc4 Bc6 10. Bf4 Nd5 11. Bd2 Nd7 12. Rd1 N7f6 13. Ne5 Nb6 14. 
Nxc6 Nxc4 15. Nxd8 Raxd8 16. Bc3 Nd5 17. Nd2 Nxd2 18. Bxd2 Rd7 19. Rac1 c6
20. e3 Rc8 21. Bf3 Bd6 22. e4 Ne7 23. Be2 Rcd8 24. Kg2 Bc7 1/2-1/2

[Event "Premier Quad, S50119"]
[Site "CCLA"]
[Date "2015.03.23"]
[Round "?"]
[White "Shannon, Paul D."]
[Black "Hansen, Michael"]
[Result "0-1"]
[WhiteElo "1815"]
[BlackElo "1754"]

1. d4 Nf6 2. c4 e6 3. g3 d5 4. Bg2 Be7 5. Nf3 O-O 6. O-O dxc4 7. Qc2 a6 8.
 a4 Bd7 9. Qxc4 Bc6 10. Bg5 a5 11. Nc3 Na6 12. Bxf6 Bxf6 13. e4 Nb4 14. 
Rfd1 b6 15. Ne1 Qd7 16. e5 Be7 17. d5 exd5 18. Nxd5 Bxd5 19. Bxd5 Nxd5 20.
 Rxd5 Qe6 21. Qe4 f5 22. Qg2 f4 23. Rad1 fxg3 24. hxg3 c6 25. R5d3 Qxe5 
26. Qxc6 Bc5 27. Rf3 Rad8 28. Nd3 Qe2 29. Rxf8+ Kxf8 0-1

[Event "Premier Quad, S50119"]
[Site "CCLA"]
[Date "2015.03.23"]
[Round "?"]
[White "Shannon, Paul D."]
[Black "Pronovost, David"]
[Result "0-1"]
[WhiteElo "1815"]
[BlackElo "1865"]

1. d4 Nf6 2. c4 e6 3. g3 d5 4. Bg2 Be7 5. Nf3 Nc6 6. O-O O-O 7. b3 Ne4 8. 
Bb2 b6 9. Nbd2 f5 10. e3 Bb7 11. Qe2 Ba6 12. Rfd1 Bb4 13. Rac1 Qe7 14. Nb1
Rad8 15. Qc2 dxc4 16. bxc4 Na5 17. c5 bxc5 18. a3 c4 19. axb4 Nb3 20. Ne5 
Nxc1 21. Rxc1 Bb7 22. Qxc4 Bd5 23. Qxc7 Qxc7 24. Rxc7 Rc8 25. Rxa7 Rc2 26.
 Ba3 Re2 27. Nf3 Rxf2 28. b5 Rb8 29. Nc3 Rxg2+ 30. Kxg2 Nxc3 31. b6 Nb5 
32. Ra6 Nxa3 33. Rxa3 Rxb6 34. e4 Bxe4 35. Kf2 Rb2+ 36. Ke3 Bxf3 37. Kxf3 
Rxh2 38. Kf4 Re2 39. d5 Re4+ 0-1

[Event "Premier Quad, S50099"]
[Site "CCLA"]
[Date "2015.03.09"]
[Round "?"]
[White "Hayward, Clark W."]
[Black "Hansen, Michael"]
[Result "1-0"]
[WhiteElo "1909"]
[BlackElo "1754"]

1. Nf3 Nf6 2. c4 e6 3. g3 d5 4. Bg2 Be7 5. d4 O-O 6. Qc2 c5 7. O-O dxc4 8.
 Qxc4 cxd4 9. Nxd4 a6 10. Nc3 b5 11. Qd3 Ra7 12. Bf4 Bb7 13. Bxb8 Qxb8 14.
 Nc6 Bxc6 15. Bxc6 Rd8 16. Qf3 Rc7 17. Ne4 Rdc8 18. Nxf6+ Bxf6 19. Be4 
Bxb2 20. Rab1 Bc3 21. Qe3 g6 22. Kg2 b4 23. Rbd1 a5 24. Rd6 a4 25. Rfd1 b3
26. axb3 a3 27. Ra6 Qb4 28. Qf3 Kf8 29. Qe3 Kg7 30. Bf3 h5 31. h4 Bb2 32. 
Ra4 Qb5 33. Qd3 Qb8 34. Qe3 Rc3 35. Qd4+ Kh7 36. Rd3 Qxb3 37. Qa7 Kg7 38. 
Qd4+ Kg8 39. Rxc3 Qxc3 40. Qxc3 Rxc3 41. Be4 Rc1 42. Bd3 Ra1 43. Bc4 Be5 
44. Kf3 Kg7 45. Ke4 Kf6 46. e3 Rc1 47. Bb3 1-0

[Event "Winter Series, S50011"]
[Site "CCLA"]
[Date "2015.01.28"]
[Round "?"]
[White "Jones, Jan"]
[Black "Quirk, Michael"]
[Result "1-0"]
[WhiteElo "2228"]
[BlackElo "2159"]

1. c4 c6 2. g3 d5 3. Nf3 Nf6 4. Bg2 e6 5. O-O Be7 6. d4 O-O 7. Qc2 Nbd7 8.
 Rd1 Ne4 9. Nc3 f5 10. Bf4 g5 11. Be3 Bf6 12. b3 Qe7 13. a4 g4 14. Nd2 a5 
15. Ndxe4 fxe4 16. Qd2 Bg7 17. Rab1 b6 18. Bf4 Rf7 19. h3 gxh3 20. Bxh3 
Qf6 21. cxd5 exd5 22. b4 Nf8 23. Bxc8 Rxc8 24. e3 axb4 25. Rxb4 Nd7 26. 
Kg2 Bh6 27. Ne2 Bf8 28. Rbb1 Ra8 29. Qc2 Qe6 30. Rdc1 c5 31. Rh1 Bg7 32. 
Rb5 Rf5 33. Qd1 Qc6 34. Rh4 Kh8 35. g4 Rf7 36. Rh5 Qe6 37. Ng3 cxd4 38. 
Rbxd5 d3 39. Rd6 Qc4 40. g5 Nf8 41. g6 Rf6 42. Qg4 d2 43. Nf5 Qc3 44. 
Rxh7+ Nxh7 45. Qh5 Rxg6+ 46. Qxg6 d1=Q 47. Rxd1 Qf6 48. Rd6 Qxg6+ 49. Rxg6
Bc3 50. Rxb6 Nf6 51. Rb8+ Rxb8 52. Bxb8 Kg8 53. Ba7 Kf7 54. Bd4 1-0

[Event "Summer Series, S50331"]
[Site "CCLA"]
[Date "2015.07.25"]
[Round "?"]
[White "Nurmi, Ronald"]
[Black "Acosta, Errol"]
[Result "1-0"]
[WhiteElo "1469"]
[BlackElo "1494"]

1. d4 e6 2. c4 Nf6 3. Nf3 g6 4. Nc3 Bg7 5. e4 O-O 6. Bg5 Qe8 7. e5 h6 8. 
exf6 hxg5 9. fxg7 Kxg7 10. Nxg5 Nc6 11. Be2 d6 12. O-O f6 13. Nf3 e5 14. 
Nd5 Rf7 15. Re1 e4 16. Nd2 Nxd4 17. Bf1 f5 18. Nxe4 fxe4 19. Qxd4+ Qe5 20.
 Rxe4 Qxd4 21. Rxd4 c6 22. Nc3 Rf6 23. Rad1 Bf5 24. Rxd6 Rf7 25. Rd8 Rxd8 
26. Rxd8 Kf6 27. Bd3 Bxd3 28. Rxd3 Re7 29. Kf1 Kf5 30. f3 1-0

[Event "2015 Server Team Ch - Div 1, S51999"]
[Site "CCLA"]
[Date "2015.10.30"]
[Round "?"]
[White "Smyth, Sandy"]
[Black "Parente, Antonio"]
[Result "1/2-1/2"]
[WhiteElo "1945"]
[BlackElo "2081"]
[Board "5"]
[WhiteTeam "BCCA Rooks"]
[BlackTeam "SchemingMind B"]

1. d4 Nf6 2. c4 e6 3. Nf3 Bb4+ 4. Nbd2 b6 5. a3 Bxd2+ 6. Bxd2 Bb7 7. Bg5 
d6 8. e3 Nbd7 9. Bd3 O-O 10. O-O h6 11. Bh4 c5 12. Bg3 d5 13. cxd5 Bxd5 
14. Rc1 Qe7 15. Ne5 Nxe5 16. Bxe5 cxd4 17. Rc7 Qd8 18. exd4 Nd7 19. Bd6 
Nf6 20. Bg3 Be4 21. Ba6 Nd5 22. Rc1 Qg5 23. Re1 Bf5 24. h4 Qe7 25. Qe2 
Rad8 26. Rc6 Rd7 27. Bb5 Qf6 28. Qe5 Qg6 29. Rec1 Rdd8 30. Bc4 Rfe8 31. 
Bb3 Bd3 32. a4 Kh7 33. h5 Qg5 34. Bxd5 Rxd5 35. Qxg5 hxg5 36. Rc7 f6 37. 
Rxa7 Rxd4 38. f3 Kh6 39. Rcc7 Kxh5 40. Be1 e5 1/2-1/2

[Event "2015 Server Team Champ - Div 4, S54999"]
[Site "CCLA"]
[Date "2015.10.28"]
[Round "?"]
[White "Strelecky, Rich"]
[Black "Zarges, Ron V."]
[Result "1/2-1/2"]
[WhiteElo "1670"]
[BlackElo "1663"]
[Board "2"]
[WhiteTeam "Pawntastics"]
[BlackTeam "Norsemen"]

1. d4 Nf6 2. c4 e6 3. Nf3 Bb4+ 4. Bd2 Qe7 5. g3 Nc6 6. Bg2 Bxd2+ 7. Nbxd2 
d6 8. O-O O-O 9. e4 e5 10. d5 Nb8 11. Ne1 a5 12. a4 Na6 13. Nd3 Nd7 14. 
Bh3 Nac5 15. Nxc5 Nxc5 16. Bxc8 Raxc8 17. Qc2 c6 18. Rfe1 cxd5 19. cxd5 
Rc7 20. Nc4 Nd7 21. b3 b6 22. Qe2 Rb8 23. Qg4 Nf6 24. Qg5 Nxd5 25. Qxe7 
Nxe7 26. Nxd6 f6 27. Rac1 Rd7 28. Nb5 Rbd8 29. Kg2 Rc8 30. Rxc8+ Nxc8 31. 
Rc1 Ne7 32. Rc7 Rxc7 33. Nxc7 Kf7 34. h4 Nc8 35. g4 Ke7 36. Kf3 Kd7 37. 
Nd5 Kc6 38. h5 b5 39. h6 gxh6 40. axb5+ Kxb5 41. Ke2 Nd6 1/2-1/2

[Event "PREMIER QUAD, S50209"]
[Site "CCLA"]
[Date "2015.05.01"]
[Round "?"]
[White "Hayward, Clark W."]
[Black "Disque, Philip"]
[Result "1-0"]
[WhiteElo "1909"]
[BlackElo "1603"]

1. d4 e6 2. c4 Bb4+ 3. Bd2 Bxd2+ 4. Qxd2 Nf6 5. Nc3 d5 6. Nf3 O-O 7. Qf4 
b6 8. e3 Bb7 9. Rc1 Nc6 10. Be2 dxc4 11. Bxc4 Qd6 12. Qxd6 cxd6 13. O-O a6
14. a3 d5 15. Be2 Rfc8 16. b4 b5 17. Bd3 h6 18. Nd2 e5 19. Nb3 exd4 20. 
exd4 Ra7 21. Rfe1 Kf8 22. f3 Re8 23. Rxe8+ Kxe8 24. g4 Kd7 25. h4 Kd6 26. 
Kf2 Bc8 27. g5 hxg5 28. hxg5 Nh5 29. Bxb5 Ne7 30. Bd3 Nf4 31. Bf1 Ra8 32. 
Na4 Rb8 33. Nac5 Ra8 34. Ke3 Nh5 35. Bd3 Ng3 36. Kf2 Nh5 37. Na4 Nf4 38. 
Ke3 Nxd3 39. Kxd3 Bf5+ 40. Ke3 Ng6 41. Nbc5 Ra7 42. Rh1 Re7+ 43. Kd2 Nf4 
44. Nc3 Ra7 45. Rh8 Ne6 46. Ke3 g6 47. f4 Re7 48. Nxe6 Bxe6 49. Ra8 Bc8+ 
50. Kd2 Rc7 51. b5 Rc4 52. bxa6 Rxd4+ 53. Kc2 Bf5+ 54. Kb3 Kc6 55. Rf8 Kb6
56. a7 1-0

[Event "2015 Server Team Ch - Div 2"]
[Site "CCLA"]
[Date "2015.10.30"]
[Round "?"]
[White "Abbey, William"]
[Black "Disque, Philip"]
[Result "1-0"]
[WhiteElo "1923"]
[BlackElo "1668"]
[Board "5"]
[WhiteTeam "Queen & Knights"]
[BlackTeam "Big Red Fuzzy"]

1. d4 e6 2. c4 Bb4+ 3. Bd2 Bxd2+ 4. Qxd2 Nf6 5. Nc3 d5 6. e3 O-O 7. Nf3 
Qe7 8. Rc1 Rd8 9. cxd5 exd5 10. Bd3 Nc6 11. O-O Ne4 12. Qd1 Bf5 13. a3 a6 
14. Bxe4 Bxe4 15. Nxe4 Qxe4 16. Qb3 Rab8 17. Rc5 h6 18. Rd1 Qe6 19. Rdc1 
f6 20. Ne1 Kf8 21. Nd3 g5 22. Nb4 Nxb4 23. Qxb4 Kg8 24. Rxc7 Rdc8 25. Qc5 
Rd8 26. Qa7 Rdc8 27. R1c5 Qf5 28. h3 Qb1+ 29. Kh2 Qf5 30. Rxc8+ Rxc8 31. 
Qxb7 Rxc5 32. dxc5 Qe5+ 33. Kh1 d4 34. c6 dxe3 35. c7 1-0

[Event "2015 NA Class D Ch - Rd 1 Sect 1, S50111"]
[Site "CCLA"]
[Date "2015.04.27"]
[Round "?"]
[White "Selby, Robin"]
[Black "Williams, Rufus H."]
[Result "0-1"]
[WhiteElo "1190"]
[BlackElo "1309"]

1. d4 Nf6 2. c4 e6 3. a3 c5 4. Nf3 b6 5. Nc3 Ba6 6. e4 cxd4 7. Nxd4 Nc6 8.
 Be2 Bc5 9. Nf3 O-O 10. O-O Qc7 11. b4 Bd6 12. b5 Bb7 13. bxc6 Bxc6 14. 
Qc2 Ng4 15. g3 Qd8 16. Kg2 a6 17. h3 Ne5 18. Nxe5 Bxe5 19. Rb1 Rb8 20. Nd1
d6 21. Bf3 Qe7 22. Be3 Qd7 23. Nc3 Bxc3 24. Qxc3 e5 25. Rfd1 Rfd8 26. Bg4 
Qb7 27. Bf3 Qc7 28. Rg1 Qe7 29. Qc1 Bd7 30. Kh2 Rdc8 31. h4 Qf6 32. Kg2 
Qe6 33. g4 a5 34. Kg3 b5 35. Kh2 h5 36. Rg3 Rxc4 37. Qb2 hxg4 38. Bxg4 Qe7
39. h5 Rxe4 40. Bf3 Rh4+ 41. Kg2 Bh3+ 42. Rxh3 Rxh3 43. Rh1 Rxh1 44. Kxh1 
Qh4+ 45. Kg1 b4 46. Bg2 Qxh5 47. axb4 Qd1+ 48. Kh2 axb4 49. Qc1 Qxc1 50. 
Bxc1 b3 51. Bb2 Rb4 52. Bd5 g5 53. Kg3 Kg7 54. Kf3 f6 55. Ke3 Kh6 56. Kd3 
f5 57. f3 Kg6 58. Kc3 Rb8 59. Bxb3 Rxb3+ 60. Kxb3 f4 61. Kc4 g4 62. fxg4 
Kg5 63. Bc1 Kxg4 64. Kd3 d5 65. Ke2 Kg3 66. Bb2 d4 67. Bc1 Kg2 68. Bd2 f3+
69. Kd1 f2 0-1

[Event "Summer Series, S50291"]
[Site "CCLA"]
[Date "2015.07.25"]
[Round "?"]
[White "Abbey, William"]
[Black "Bapple, Edward C."]
[Result "1-0"]
[WhiteElo "1957"]
[BlackElo "1908"]

1. d4 Nf6 2. c4 e6 3. Nf3 b6 4. a3 Bb7 5. Nc3 Be7 6. d5 O-O 7. e4 exd5 8. 
cxd5 Re8 9. Bd3 c6 10. O-O cxd5 11. exd5 h6 12. Bf4 Nh5 13. Be3 Bc5 14. 
Nd4 Bxd4 15. Bxd4 Nf6 16. Nb5 d6 17. Bxf6 Qxf6 18. Nc7 Nd7 19. Bb5 Re7 20.
 Nxa8 Bxa8 21. Bc6 Bxc6 22. dxc6 Ne5 23. Rc1 Rc7 24. Qd5 Qe6 25. Rfd1 Qxd5
26. Rxd5 Rxc6 27. Rxc6 Nxc6 28. Rxd6 Ne5 29. Rd8+ Kh7 30. b3 f6 31. f4 Nc6
32. Rd7 b5 33. Kf2 1-0

[Event "2015 Server Team Ch - Div 2"]
[Site "CCLA"]
[Date "2015.10.30"]
[Round "?"]
[White "Sereni, Vincent T."]
[Black "Bedard, Eugene"]
[Result "1-0"]
[WhiteElo "1970"]
[BlackElo "1651"]
[Board "2"]
[WhiteTeam "Queen & Knights"]
[BlackTeam "SchemingMind C"]

1. d4 Nf6 2. Nf3 e6 3. e3 b6 4. Bd3 Bb7 5. c4 d5 6. cxd5 exd5 7. Nc3 Bd6 
8. O-O O-O 9. Nb5 Be7 10. b3 c5 11. Bb2 Nc6 12. a3 Ne4 13. Qc2 f5 14. Rfd1
Qd7 15. dxc5 bxc5 16. Be2 Rfe8 17. Rxd5 Qc8 18. Bc4 Kh8 19. Rad1 a6 20. 
Nd6 Nxd6 21. Rxd6 Nd4 22. Ne5 Nxc2 23. Rh6 Qc6 24. Nf7+ Kg8 25. Ng5+ 1-0

[Event "2015 NA Class B Ch Finals, S50189"]
[Site "CCLA"]
[Date "2015.04.27"]
[Round "?"]
[White "Stevenson, Wayne"]
[Black "Disque, Philip"]
[Result "1-0"]
[WhiteElo "1702"]
[BlackElo "1603"]

1. d4 e6 2. Nf3 b6 3. e3 Nf6 4. Bd3 Bb7 5. O-O c5 6. c4 d5 7. cxd5 exd5 8.
 Nc3 Be7 9. Ne5 O-O 10. Qf3 Nc6 11. Ng4 Nb4 12. Bb1 cxd4 13. exd4 Nxg4 14.
 Qxg4 Re8 15. Be3 Bf6 16. Qf4 Bc6 17. a3 Na6 18. Bd3 Nc7 19. Qg3 a6 20. 
Rac1 Bh4 21. Qh3 g6 22. Rfe1 Ne6 23. Qg4 Bf6 24. Ne2 Bb7 25. Nf4 Nxf4 26. 
Qxf4 Rc8 27. Rxc8 Bxc8 28. Rc1 Qe7 29. Rc6 Bg7 30. Rxb6 Qd7 31. h3 Qa4 32.
 Kh2 Qa5 33. Qc7 Bf8 34. Rxg6+ 1-0

[Event "2015 REGULAR QUAD, S50259"]
[Site "CCLA"]
[Date "2015.06.10"]
[Round "?"]
[White "Rager, Mark"]
[Black "Williams, Rufus H."]
[Result "1-0"]
[WhiteElo "1400"]
[BlackElo "1326"]

1. d4 Nf6 2. Nf3 e6 3. c4 b6 4. g3 Ba6 5. Qc2 Be7 6. Bg2 O-O 7. O-O Nc6 8.
 Bd2 d5 9. cxd5 exd5 10. Qxc6 Bxe2 11. Rc1 Bxf3 12. Bxf3 Qd7 13. Qxd7 Nxd7
14. Rxc7 Rfd8 15. Nc3 Bf6 16. Nxd5 Bxd4 17. Ne7+ Kf8 18. Bxa8 Kxe7 19. 
Re1+ Kf8 20. Bb4+ Bc5 21. Bxc5+ Nxc5 22. Bd5 1-0

[Event "2015 Server Team Ch - Div 1, S51999"]
[Site "CCLA"]
[Date "2015.10.30"]
[Round "?"]
[White "Farkas, Lajos"]
[Black "Pinchon, Francois"]
[Result "1/2-1/2"]
[WhiteElo "2102"]
[BlackElo "2307"]
[Board "3"]
[WhiteTeam "SchemingMind B"]
[BlackTeam "SchemingMind A"]

1. d4 Nf6 2. c4 e6 3. Nf3 b6 4. g3 Bb4+ 5. Nbd2 Bb7 6. Bg2 O-O 7. O-O h6 
8. a3 Bxd2 9. Bxd2 d6 10. b4 Nbd7 11. Bc3 Re8 12. Bb2 Qe7 13. e3 c5 14. 
Qe2 a6 15. Rfd1 Rec8 16. d5 Rab8 17. dxe6 Qxe6 18. Rac1 b5 19. Qd3 Ne4 20.
 cxb5 axb5 21. bxc5 Ndxc5 22. Qe2 Nb3 23. Rxc8+ Rxc8 24. Ne1 Rc4 1/2-1/2

[Event "2015 Server Team Ch - Div 1, S51999"]
[Site "CCLA"]
[Date "2015.10.30"]
[Round "?"]
[White "Farkas, Lajos"]
[Black "Weiner, Jerry"]
[Result "1/2-1/2"]
[WhiteElo "2102"]
[BlackElo "2165"]
[Board "3"]
[WhiteTeam "SchemingMind B"]
[BlackTeam "Gustafson Winners"]

1. d4 Nf6 2. c4 e6 3. Nf3 b6 4. g3 Bb4+ 5. Nbd2 Bb7 6. Bg2 O-O 7. O-O a5 
8. Qc2 c5 9. b3 cxd4 10. Bb2 a4 11. Nxd4 Bxg2 12. Kxg2 d5 13. N2f3 a3 14. 
Bc3 Bxc3 15. Qxc3 Qe7 16. Qd3 Na6 17. cxd5 Nxd5 18. Rfc1 Qb7 19. Qb5 Rfd8 
20. Nc6 Rd6 21. e4 Ndc7 22. Qc4 Kf8 23. b4 Rc8 24. e5 Rd5 25. Qh4 h6 26. 
Rc2 Nc5 27. Ne7 Rd3 28. Nxc8 Qxf3+ 29. Kg1 Ne4 30. Qe7+ 1/2-1/2

[Event "2015 NA Server Ch (CCLA Rules), S50169"]
[Site "CCLA"]
[Date "2015.04.27"]
[Round "?"]
[White "Vaughan, James"]
[Black "Shnaiderman, Lazar"]
[Result "1-0"]
[WhiteElo "2268"]
[BlackElo "2043"]

1. c4 Nf6 2. d4 e6 3. Nf3 Bb4+ 4. Nbd2 b6 5. g3 Bb7 6. Bg2 O-O 7. O-O d5 
8. cxd5 exd5 9. Ne5 Nbd7 10. Qa4 Bd6 11. Nxd7 Qxd7 12. Qxd7 Nxd7 13. Nc4 
Be7 14. Bf4 Rfe8 15. Bf3 Nf8 16. Ne3 c6 17. Nf5 Ne6 18. Nxe7+ Rxe7 19. 
Rfd1 Nxf4 20. gxf4 Rd8 21. e3 Rd6 22. Rd3 Ba6 23. Rc3 Rg6+ 24. Kh1 Rd6 25.
 a4 f5 26. Rac1 Bb7 27. b4 Kf7 28. Be2 a6 29. h4 Rh6 30. h5 g6 31. Kh2 b5 
32. Rg1 Kf6 33. Kh3 bxa4 34. Ra3 Re8 35. Rxa4 Rb8 36. Rc1 Ke6 37. Bxa6 
Rxh5+ 38. Kg2 Kd7 39. Be2 Rh6 40. Ra7 Kc7 41. b5 Kb6 42. Ra2 cxb5 43. Bxb5
Rc8 44. Rb1 Kc7 45. Bd3 Ra8 46. Rc2+ Kb8 47. Bb5 g5 48. Bc6 Ra7 49. Bd7 
Raa6 50. Rcb2 Ra7 51. fxg5 Rg6 52. f4 h6 53. Bxf5 Rga6 54. g6 1-0

[Event "2015 Server Team Champ - Div 4, S54999"]
[Site "CCLA"]
[Date "2015.10.28"]
[Round "?"]
[White "Cangelosi, Dominic"]
[Black "Strelecky, Rich"]
[Result "0-1"]
[WhiteElo "1419"]
[BlackElo "1670"]
[Board "2"]
[WhiteTeam "Pennsylvania Pawn Pushers"]
[BlackTeam "Pawntastics"]

1. d4 Nf6 2. c4 e6 3. Nc3 Bb4 4. Bd2 O-O 5. a3 Bxc3 6. Bxc3 d5 7. e3 Re8 
8. Bd3 b6 9. f4 dxc4 10. Bxc4 Ne4 11. Bb4 Qh4+ 12. Ke2 Ng3+ 13. Kd2 Nxh1 
14. Nf3 Qf2+ 15. Be2 Ba6 16. Qf1 c6 17. Re1 Qxf1 18. Rxf1 c5 19. dxc5 Rd8+
20. Nd4 bxc5 21. Bxc5 Bxe2 22. Kxe2 Na6 23. Bxa7 Rdc8 24. Bb6 Rcb8 25. Ba5
Rxb2+ 26. Bd2 Nc5 27. Rxh1 Ne4 28. Rc1 Nxd2 29. Rc2 Rxc2 30. Nxc2 Nb1 0-1